Đang tải...

Marine actionomycetes as source of antimicrobial compounds and as probiotics and single cell protein for application in penaeid prawn culture systems

Chi tiết về thư mục
Tác giả chính: Biji Mathew
Tác giả khác: Rosamma, Philip
Định dạng: Printed Book
Ngôn ngữ:English
Được phát hành: Kochi Department of Marine biology, microbiology & biochemistry, CUSAT 2003
Những chủ đề:
LEADER 00842nam a2200253 a 4500
001 adlib96000001
003 ViArRB
005 20151026132145.0
008 960221s1955 dcuabcdjdbkoqu001 0deng d
020
022
040 |a Adlib 
082 |a 579.87 
245 |a Marine actionomycetes as source of antimicrobial compounds and as probiotics and single cell protein for application in penaeid prawn culture systems 
250
260 |a Kochi  |b Department of Marine biology, microbiology & biochemistry, CUSAT  |c 2003 
300 |a 271p. 
500 |a  Thesis (Ph.D), CUSAT, 2003 
100 |a Biji Mathew 
700 |a Rosamma, Philip 
942 |c REF  |6 _ 
653 |a Actino mycetes- Aquaculture 
999 |c 42849  |d 42849 
952 |0 0  |1 0  |4 0  |6 57987_BIJ  |7 0  |9 54941  |a UL  |b UL  |d 2010-06-16  |o 579.87 BIJ  |p G0008564  |r 2010-06-16  |w 2010-06-16  |y REF